Allied countries in World War 2 - Sudden Death - Statistics

General Stats
  • This quiz has been taken 6,035 times
  • The average score is 9 of 19
Answers on the Grid
Answers color-coded by a green-red scale on the quiz's grid according to % correct below.
United States
Canada
Germany
France
Hungary
Yugoslavia
USSR
Japan
China
Spain
United Kingdom
Finland
Norway
Czechoslovakia
Italy
Netherlands
Belgium
Denmark
Albania
Greece
Philippines
Thailand
Bulgaria
Mexico
Cuba
Switzerland
Sweden
Australia
Romania
Brazil
Austria
New Zealand
 
Answer Stats
Answer % Correct
United States
98%
France
86%
Canada
85%
United Kingdom
78%
USSR
71%
Australia
53%
Netherlands
52%
Belgium
51%
China
50%
New Zealand
49%
Denmark
42%
Norway
42%
Greece
39%
Yugoslavia
34%
Philippines
29%
Czechoslovakia
28%
Brazil
24%
Mexico
22%
Cuba
13%
No matching quizzes found
Score Distribution
Percent of People with Each Score
Percentile by Number Answered
Your Score History
You have not taken this quiz